Teoretické základy památkové péče na prahu 21. století /

Salvato in:
Dettagli Bibliografici
Autori principali: Hůrková, Ludmila (Autore, Redattore), Prix, Dalibor (Autore, Redattore), Horáček, Martin (Autore), Jesenský, Vít (Autore), Matoušek, Alexander (Autore)
Altri autori: Vácha, Zdeněk (Revisore), Pometlo, Jiří (Revisore)
Natura: Libro
Lingua:ceco
Pubblicazione: Praha : Artefactum, nakladatelství Ústavu dějin umění AV ČR, v. v. i., 2019
Edizione:1. vydanie
Soggetti:
Tags: Aggiungi Tag
Nessun Tag, puoi essere il primo ad aggiungerne!!

MARC

LEADER 00000nam a22000003a 4500
001 0103525
003 SK-STU
005 20230719094323.8
007 ta
008 230719s ----xo-----e------000-0-----d
020 |a 978-80-8828327-0 
040 |a STU  |b slo 
041 0 |a cze 
044 |a xr 
245 1 0 |a Teoretické základy památkové péče na prahu 21. století /  |c ed. Ludmila Hůrková, Dalibor Prix ; aut. Martin Horáček, Vít Jesenský, Alexander Matoušek ; rec. Zdeněk Vácha, Jiří Pometlo 
250 |a 1. vydanie 
260 |a Praha :  |b Artefactum, nakladatelství Ústavu dějin umění AV ČR, v. v. i.,  |c 2019 
300 |a 187 s. 
650 0 7 |a ochrana a obnova pamiatok 
650 0 7 |a pamiatková starostlivosť 
650 0 7 |a teória 
700 1 |a Hůrková, Ludmila  |4 edt  |4 aut 
700 1 |a Prix, Dalibor  |4 edt  |4 aut 
700 1 |a Horáček, Martin  |4 aut 
700 1 |a Jesenský, Vít  |4 aut 
700 1 |a Matoušek, Alexander  |4 aut 
700 1 |a Vácha, Zdeněk  |4 rev 
700 1 |a Pometlo, Jiří  |r Z6  |4 rev 
996 |b 284AU09753  |c A* 13114/U  |l AAKNST  |s P  |a 0  |w 0103525_0001 
996 |b 284AU09754  |c A* 13115/U  |l AAKNAR  |s A  |a 24  |w 0103525_0002